<?xml version="1.0" encoding="UTF-8"?>
<record
    xmlns:xsi="http://www.w3.org/2001/XMLSchema-instance"
    xsi:schemaLocation="http://www.loc.gov/MARC21/slim http://www.loc.gov/standards/marcxml/schema/MARC21slim.xsd"
    xmlns="http://www.loc.gov/MARC21/slim">

  <leader>01609nam a22003014c 4500</leader>
  <controlfield tag="003">AR-BaSMT</controlfield>
  <controlfield tag="008">230315b2025     aga|||br|||| 00| 1 spa d</controlfield>
  <datafield tag="020" ind1=" " ind2=" ">
    <subfield code="a">9789878002477</subfield>
  </datafield>
  <datafield tag="040" ind1=" " ind2=" ">
    <subfield code="a">BSGB</subfield>
    <subfield code="b">espa&#xF1;ol</subfield>
    <subfield code="c">BSGB</subfield>
    <subfield code="e">rda</subfield>
  </datafield>
  <datafield tag="041" ind1="0" ind2=" ">
    <subfield code="a">spa</subfield>
    <subfield code="h">espa&#xF1;ol</subfield>
  </datafield>
  <datafield tag="080" ind1=" " ind2=" ">
    <subfield code="a">82-31</subfield>
  </datafield>
  <datafield tag="100" ind1="1" ind2=" ">
    <subfield code="a">Moreno, Eloy</subfield>
    <subfield code="9">413</subfield>
  </datafield>
  <datafield tag="245" ind1="1" ind2="3">
    <subfield code="a">El nuevo viaje de El Principito</subfield>
  </datafield>
  <datafield tag="250" ind1=" " ind2=" ">
    <subfield code="a">primera edici&#xF3;n</subfield>
  </datafield>
  <datafield tag="264" ind1=" " ind2="1">
    <subfield code="a">Buenos aires</subfield>
    <subfield code="b">Salamandra</subfield>
    <subfield code="c">2025</subfield>
  </datafield>
  <datafield tag="300" ind1=" " ind2=" ">
    <subfield code="a">120 p&#xE1;ginas</subfield>
  </datafield>
  <datafield tag="336" ind1=" " ind2=" ">
    <subfield code="2">rdacontent</subfield>
    <subfield code="a">texto</subfield>
    <subfield code="b">txt</subfield>
  </datafield>
  <datafield tag="337" ind1=" " ind2=" ">
    <subfield code="2">rdamedia</subfield>
    <subfield code="a">sin mediaci&#xF3;n</subfield>
    <subfield code="b">n</subfield>
  </datafield>
  <datafield tag="338" ind1=" " ind2=" ">
    <subfield code="2">rdacarrier</subfield>
    <subfield code="a">volumen</subfield>
    <subfield code="b">nc</subfield>
  </datafield>
  <datafield tag="490" ind1=" " ind2=" ">
    <subfield code="a">Infantil</subfield>
  </datafield>
  <datafield tag="520" ind1="3" ind2=" ">
    <subfield code="a">&#xBF;Qui&#xE9;n no querr&#xED;a saber lo que pas&#xF3; con el Principito tras desaparecer en el desierto?
Una historia totalmente nueva sobre el Principito, la rosa y el zorro, que mantiene el tono cl&#xE1;sico y tierno de la novela original. En este nuevo viaje, el Principito descubrir&#xE1; planetas habitados por personas que representan los problemas de nuestros tiempos: dependencia extrema de la tecnolog&#xED;a, contaminaci&#xF3;n, sobrepoblaci&#xF3;n, malgasto de recursos, individualismo, y otros.
Con la amistad y la empat&#xED;a como hilos conductores, el universo de Saint-Exup&#xE9;ry brilla m&#xE1;s que nunca con el estilo inconfundible de Eloy Moreno.</subfield>
    <subfield code="u">https://www.penguinlibros.com/ar/tematicas/437682-libro-el-nuevo-viaje-de-el-principito-9789878002477?srsltid=AfmBOopnG5Y-MRHEcIiihdbJ7g-Iz8IMPEfa4V-lVEzrpR22gttZ8Byd</subfield>
  </datafield>
  <datafield tag="521" ind1=" " ind2=" ">
    <subfield code="a">A partir de 12 a&#xF1;os</subfield>
  </datafield>
  <datafield tag="650" ind1=" " ind2="7">
    <subfield code="a">LITERATURA INFANTIL</subfield>
    <subfield code="9">8</subfield>
    <subfield code="y">ESPA&#xD1;A</subfield>
  </datafield>
  <datafield tag="650" ind1=" " ind2="7">
    <subfield code="a">NOVELA</subfield>
    <subfield code="9">5</subfield>
  </datafield>
  <datafield tag="700" ind1="1" ind2=" ">
    <subfield code="a">Sierra, David</subfield>
    <subfield code="e">Ilustrador</subfield>
    <subfield code="9">472</subfield>
  </datafield>
  <datafield tag="942" ind1=" " ind2=" ">
    <subfield code="2">ddc</subfield>
    <subfield code="a">BOOK</subfield>
  </datafield>
  <datafield tag="999" ind1=" " ind2=" ">
    <subfield code="c">631</subfield>
    <subfield code="d">631</subfield>
  </datafield>
  <datafield tag="952" ind1=" " ind2=" ">
    <subfield code="0">0</subfield>
    <subfield code="1">0</subfield>
    <subfield code="2">ddc</subfield>
    <subfield code="4">0</subfield>
    <subfield code="a">BSGB</subfield>
    <subfield code="b">BSGB</subfield>
    <subfield code="c">Rojo</subfield>
    <subfield code="e">Compra Feria del Libro 2026</subfield>
    <subfield code="i">000876</subfield>
    <subfield code="l">0</subfield>
    <subfield code="o">82-31 MOR</subfield>
    <subfield code="p">000876</subfield>
    <subfield code="t">1</subfield>
    <subfield code="y">BOOK</subfield>
    <subfield code="f"></subfield>
  </datafield>
</record>
